Readjustments of agricultural tenure in Ireland /

Bibliographic Details
Main Author: Hooker, Elizabeth R.
Format: Book
Language:English
Published: Chapel Hill : University of North Carolina Press, 1938.
Subjects:

MARC

Tag First Indicator Second Indicator Subfields
LEADER 00000cam a2200000 4500
001 in00000058704
005 20151008050451.0
008 780331s1938 nl b 00010 eng u
010 |a  39000310  
035 |a (OCoLC)03766649 
035 |9 AAG1201AM 
040 |c ANC  |d TXA  |d UtOrBLW 
049 |a TXAM  |c [80626] 
090 |a HD625  |b .H65 
092 |a 333.509415  |b H783r 
100 1 |a Hooker, Elizabeth R. 
245 1 0 |a Readjustments of agricultural tenure in Ireland /  |c by Elizabeth R. Hooker ... 
264 1 |a Chapel Hill :  |b University of North Carolina Press,  |c 1938. 
300 |a 245 pages ;  |c 22 cm. 
336 |a text  |b txt  |2 rdacontent 
337 |a unmediated  |b n  |2 rdamedia 
338 |a volume  |b nc  |2 rdacarrier 
500 |a This edition is limited to 750 copies. 
504 |a Selected bibliography: pages [233]-238. 
650 0 |a Land tenure  |z Ireland  |x History. 
650 0 |a Landlord and tenant  |z Ireland. 
650 0 |a Agricultural laborers  |z Ireland. 
740 0 |a Agricultural tenure in Ireland, Readjustment of. 
999 |a MARS 
999 f f |s cd0bac35-ec69-3fad-911d-32d9504a8cb1  |i d18eef70-c7ed-36a6-86a5-66ca90820aa0  |t 0 
952 f f |p ric  |a Texas A&M University  |b Rellis Campus  |c Joint Library Facility  |d Remote Storage  |t 0  |e HD625 .H65  |h Library of Congress classification  |i unmediated -- volume  |m A14800740568 
998 f f |a HD625 .H65  |t 0  |l Remote Storage